| 000 | 00840cam a22002411 4500 | ||
|---|---|---|---|
| 001 | sa 67000329 | ||
| 003 | DLC | ||
| 005 | 20260227112314.0 | ||
| 008 | 930210s1962 io b 000 0 ind | ||
| 010 | _asa 67000329 | ||
| 025 | _aPL480:Indo-2899 | ||
| 035 | _a(OCoLC)27415346 | ||
| 040 |
_aDLC _cCU _dDLC |
||
| 042 | _apremarc | ||
| 050 | 0 | 0 |
_aHC447 _b.A724 |
| 100 | 1 | _aAdisumarta, R. J. Kaptin. | |
| 245 | 1 | 0 |
_aDeficit Pemerintah padjak-padjak dan pembangunan, _coleh R. J. Kaptin Adisumarta. |
| 260 |
_aJogjakarta, _bPenerbit Diktat UGM Dwitunggal _c[1962?] |
||
| 300 |
_a30 p. _c22 cm. |
||
| 500 | _aAt head of title: Kongres Ilmu Pemgetahuan Nasional II, Seksi Hukum, Ekonomi, Sosial dan Politik (Seksi E) Jogjakarta, 21-28 Oktober 1962. | ||
| 504 | _aBibliography: p. 21-30. | ||
| 651 | 0 |
_aIndonesia _xEconomic conditions _y1945- |
|
| 999 |
_c71917 _d71917 |
||